000
00278nam a22001217a 4500
008
180307b xxu||||| |||| 00| 0 eng d
041
_a
eng
080
_a
574
100
_a
9
101
_a
MJE
245
_a
Introduction to agricultural engineering
_c
Colly,H,F
942
_2
udc
_c
BK
999
_c
44239
_d
44239